Дело о возвращении на родину арестантов арестантских рот, бывших на государственных работах (по устройству Южной железной дороги...

Доступно только в Электронных читальных залах Найти на картеНа карте
RUSMARC
00003780nmc2a22000003x 450
00148052eda-7d1e-4a25-a2de-910e7edd7efd
00520200306105030.0
100##$a20180912l18661872k l0rusy0189 ca
1010#$arus
102##$aRU
2001#$aДело о возвращении на родину арестантов арестантских рот, бывших на государственных работах (по устройству Южной железной дороги)
$j12 июня 1866 г. - 5 августа 1872 г.
$hЧасть 2
251##$cДело
300##$aДело
801#0$aRU
$bРГИА
$c20180912
$gRCR
801#1$aRU
$bГлавНИВЦ
$c20180912
$2rusmarc
801#2$aRU
$bПБ им. Б.Н. Ельцина
$c20200306
$gRCR
$2rusmarc
850##$aРГИА
852##$aРГИА
$eФедеральное казенное учреждение "Российский государственный исторический архив" (РГИА)
$j1356
937##$hРГИА
$d12293306
$aASBIBLIO_SCAN
462#0$1001d8f9f7d4-b5a2-42ce-9901-502471366df6
$12001
$aДела Департамента полиции исполнительной МВД за 1866 год
$1251
$cОпись
$1852
$j27
$l1866 г.
461#0$10013e300ed0-cd39-49af-8489-5ba5b90fa401
$12001
$aДепартамент полиции исполнительной МВД
$1251
$cФонд
$1852
$j1286
215##$a675 л.
$d36,5х26 см
371##$aДокумент не является опубликованным и широко распространяемым
105##$ay###
1222#$ad
035##$a48052eda-7d1e-4a25-a2de-910e7edd7efd
856##$uhttp://readingroom.main.prlib.ru/item.aspx?id_node=n143218906&mode=full
Формат отображения